Arcok a pult mögött
Elmentve itt :
| Szerző: | |
|---|---|
| Dokumentumtípus: | Cikk |
| Megjelent: |
1975-05-24
|
| Sorozat: | Délmagyarország
65 No. 120 |
| Kulcsszavak: | háztartási felszerelések |
| Online Access: | http://dmarchiv.bibl.u-szeged.hu/108929 |
| LEADER | 00451nab a2200157 i 4500 | ||
|---|---|---|---|
| 001 | delm108929 | ||
| 005 | 20190425105647.0 | ||
| 008 | 190425s1975 hu o 0|| hun d | ||
| 040 | |a SZTE Délmagyarország Archívum |b hun | ||
| 041 | |a hun | ||
| 100 | 1 | |a Lődi Ferenc | |
| 245 | 1 | 0 | |a Arcok a pult mögött |h [elektronikus dokumentum] / |c Lődi Ferenc |
| 260 | |c 1975-05-24 | ||
| 300 | |a 5 | ||
| 490 | 0 | |a Délmagyarország |v 65 No. 120 | |
| 695 | |a háztartási felszerelések | ||